Miért lett olyan. amilyen? Még egyszer az egy-sokértelmű meghatározottságról
Elmentve itt :
| Szerző: | |
|---|---|
| Adatforrás: | Philobibl |
| Forrásdokumentuma: | Magyar Filozófiai Szemle 11 1967/6., 1132-1135. p. |
| Dokumentumtípus: | Cikk |
| Nyelv: | magyar |
| LEADER | 00367nab a2200097 c 4500 | ||
|---|---|---|---|
| 001 | bibDOK00007729 | ||
| 005 | 20200924120341.3 | ||
| 008 | 060518s1967 hu hun | ||
| 100 | 1 | |a Szabó András György | |
| 245 | 1 | 0 | |a Miért lett olyan. amilyen? Még egyszer az egy-sokértelmű meghatározottságról |c Szabó András György |
| 773 | 0 | |t Magyar Filozófiai Szemle 11 |g 1967/6., 1132-1135. p. | |